[Event "Bad Woerishofen op"]
[Site "?"]
[Date "2000.??.??"]
[Round "1"]
[White "Hoffmann, Erich"]
[Black "Neese, Hans-Joachim"]
[Result "0-1"]
[WhiteElo "1783"]
[BlackElo "2150"]
[Annotator "ChessOrg"]
[PlyCount "38"]
[EventDate "2000.??.??"]
[Source "ChessBase"]
[SourceDate "1998.04.29"]

1. e4 c5 2. Nc3 Nc6 3. f4 d6 4. Nf3 e6 5. Bb5 Nge7 6. Bxc6+ Nxc6 7. d3 Be7 8.
O-O a6 9. Ne2 b5 10. b3 O-O 11. Bb2 f5 12. e5 d5 13. d4 c4 14. c3 a5 15. a3
cxb3 16. Qxb3 Ba6 17. Rfe1 Qd7 18. Kh1 Rfb8 19. Qc2 b4 0-1

[Event "Bad Woerishofen op"]
[Site "?"]
[Date "2000.??.??"]
[Round "2"]
[White "Hoffmann, Erich"]
[Black "Bierwisch, Bernhard"]
[Result "1/2-1/2"]
[WhiteElo "1783"]
[BlackElo "2109"]
[Annotator "ChessOrg"]
[PlyCount "120"]
[EventDate "2000.??.??"]
[Source "ChessBase"]
[SourceDate "1998.04.29"]

1. e4 c5 2. g3 d5 3. exd5 Qxd5 4. Qf3 Nf6 5. Qxd5 Nxd5 6. Bg2 Nb4 7. Na3 N8c6
8. Ne2 Bf5 9. d3 O-O-O 10. Be3 e5 11. Nc3 Be7 12. O-O-O Nd4 13. Kb1 Be6 14. b3
f5 15. Rhe1 Bf6 16. Ne2 Nd5 17. Bd2 Rhe8 18. Nc4 Bf7 19. Nxd4 cxd4 20. f4 exf4
21. Rxe8 Bxe8 22. Bxd5 Rxd5 23. Bxf4 g5 24. Nd6+ Kd7 25. Nxe8 Kxe8 26. Re1+ Kf7
27. Bb8 a6 28. Kc1 Rd8 29. Bc7 Rc8 30. Bd6 Rc6 31. Bb8 b5 32. Kd1 Re6 33. Re2
h5 34. h3 Rxe2 35. Kxe2 Ke6 36. Bc7 g4 37. hxg4 fxg4 38. Ba5 Kf5 39. Bd2 Kg6
40. Be1 Be5 41. Kf2 Kf5 42. Bd2 Ke6 43. b4 Bf6 44. Kg2 Kd5 45. Bh6 Bd8 46. Bd2
Be7 47. Kf1 h4 48. gxh4 Bxh4 49. Kg2 Ke6 50. Kf1 Bf6 51. Kg2 Kf5 52. Bh6 Be5
53. Bf8 Kg5 54. a3 Kg6 55. Be7 Bf6 56. Bf8 Kf7 57. Bd6 Ke6 58. Bf4 Be5 59. Kg3
Bf6 60. Kxg4 Be7 1/2-1/2

[Event "Bad Woerishofen op"]
[Site "?"]
[Date "2000.??.??"]
[Round "4"]
[White "Hoffmann, Reinhold"]
[Black "Wunderer, Eckart"]
[Result "1/2-1/2"]
[WhiteElo "1860"]
[BlackElo "2108"]
[Annotator "ChessOrg"]
[PlyCount "44"]
[EventDate "2000.??.??"]
[Source "ChessBase"]
[SourceDate "1998.04.29"]

1. d4 Nf6 2. Nf3 d6 3. c4 Nbd7 4. Nc3 e5 5. e4 Be7 6. Be2 c6 7. O-O O-O 8. Bg5
Nh5 9. Bxe7 Qxe7 10. g3 Ndf6 11. Re1 Bg4 12. Nh4 Bxe2 13. Rxe2 g6 14. Qd2 Rad8
15. Rae1 Qe6 16. d5 Qh3 17. f3 Nf4 18. gxf4 Qxh4 19. fxe5 dxe5 20. Rg2 Nh5 21.
Rg4 Qh3 22. Qg2 Qxg2+ 1/2-1/2

[Event "Bad Woerishofen op"]
[Site "?"]
[Date "2000.??.??"]
[Round "7"]
[White "Hoffmann, Reinhold"]
[Black "Geissler, Dieter"]
[Result "1/2-1/2"]
[WhiteElo "1860"]
[BlackElo "2072"]
[Annotator "ChessOrg"]
[PlyCount "34"]
[EventDate "2000.??.??"]
[Source "ChessBase"]
[SourceDate "1998.04.29"]

1. d4 d5 2. Nf3 e6 3. c4 Nf6 4. Nc3 c6 5. Bg5 Be7 6. e3 Nbd7 7. Qc2 O-O 8. Rc1
Re8 9. Be2 dxc4 10. Bxc4 Nd5 11. Bxe7 Qxe7 12. O-O Nxc3 13. Qxc3 e5 14. dxe5
Nxe5 15. Nxe5 Qxe5 16. Qxe5 Rxe5 17. Rfd1 Bf5 1/2-1/2

[Event "Bad Woerishofen op"]
[Site "?"]
[Date "2000.??.??"]
[Round "8"]
[White "Hoffmann, Reinhold"]
[Black "Oldach, Ehrenfried"]
[Result "1/2-1/2"]
[WhiteElo "1860"]
[BlackElo "2082"]
[Annotator "ChessOrg"]
[PlyCount "33"]
[EventDate "2000.??.??"]
[Source "ChessBase"]
[SourceDate "1998.04.29"]

1. d4 Nf6 2. Nf3 e6 3. c4 b6 4. Bg5 Bb7 5. e3 Be7 6. Nc3 d6 7. Be2 Nbd7 8. Qc2
O-O 9. Rd1 h6 10. Bh4 Ne8 11. Bxe7 Qxe7 12. O-O f5 13. g3 Qf7 14. Nh4 g5 15.
Bf3 Bxf3 16. Nxf3 Qh5 17. Kg2 1/2-1/2

[Event "Bad Woerishofen op"]
[Site "?"]
[Date "2000.??.??"]
[Round "2"]
[White "Homes, Helmut"]
[Black "Walther, Diethelm"]
[Result "0-1"]
[WhiteElo "1839"]
[BlackElo "2069"]
[Annotator "ChessOrg"]
[PlyCount "108"]
[EventDate "2000.??.??"]
[Source "ChessBase"]
[SourceDate "1998.04.29"]

1. e4 c5 2. Nf3 Nc6 3. d4 cxd4 4. Nxd4 g6 5. c4 Bg7 6. Be3 Nf6 7. Nc3 d6 8. Be2
Bd7 9. O-O a6 10. Bf3 Rc8 11. Rc1 Ne5 12. b3 Qa5 13. Qd2 Nfg4 14. Nce2 Qxd2 15.
Bxd2 O-O 16. h3 Nf6 17. Nc3 Rfe8 18. Be2 Bc6 19. Nxc6 Nxc6 20. Be3 Nd7 21. Rfd1
Nc5 22. Bg4 Ne6 23. Kf1 Ne5 24. Bxe6 fxe6 25. Ne2 Kf7 26. c5 Red8 27. Nf4 Rc6
28. b4 Rdc8 29. Ke2 Bh6 30. g3 Nd7 31. a4 e5 32. Nd3 Bxe3 33. Kxe3 dxc5 34.
bxc5 Ke8 35. Rb1 R6c7 36. Rdc1 Nxc5 37. Nxc5 Rxc5 38. Rxc5 Rxc5 39. Rxb7 Rc3+
40. Kd2 Rc4 41. Rb8+ Kf7 42. Rb6 Rxa4 43. f3 Ra3 44. Ke2 a5 45. Ra6 h5 46. Kf2
a4 47. Kg2 Ra2+ 48. Kg1 a3 49. Kh1 Ra1+ 50. Kh2 g5 51. Kg2 Ke8 52. Ra7 Kd8 53.
Kh2 Kc8 54. Rxe7 Ra2+ 0-1

[Event "Bad Woerishofen op"]
[Site "?"]
[Date "2000.??.??"]
[Round "4"]
[White "Homes, Helmut"]
[Black "Kraft, Hans"]
[Result "0-1"]
[WhiteElo "1839"]
[BlackElo "2044"]
[Annotator "ChessOrg"]
[PlyCount "42"]
[EventDate "2000.??.??"]
[Source "ChessBase"]
[SourceDate "1998.04.29"]

1. e4 e6 2. d4 d5 3. Nc3 Nf6 4. Bg5 Be7 5. e5 Nfd7 6. Bxe7 Qxe7 7. f4 O-O 8.
Nf3 c5 9. Bd3 f6 10. O-O Nc6 11. Nb5 cxd4 12. exf6 Rxf6 13. Nfxd4 Nxd4 14. Nxd4
Nc5 15. c4 Nxd3 16. Qxd3 Bd7 17. cxd5 exd5 18. Rae1 Qc5 19. Rc1 Qb6 20. Rf2
Raf8 21. Nb3 Rxf4 0-1

[Event "Bad Woerishofen op"]
[Site "?"]
[Date "2000.??.??"]
[Round "6"]
[White "Homes, Helmut"]
[Black "Oldach, Ehrenfried"]
[Result "0-1"]
[WhiteElo "1839"]
[BlackElo "2083"]
[Annotator "ChessOrg"]
[PlyCount "30"]
[EventDate "2000.??.??"]
[Source "ChessBase"]
[SourceDate "1998.04.29"]

1. e4 e6 2. d4 d5 3. Nc3 Bb4 4. e5 c5 5. Bd2 cxd4 6. Nb5 Bxd2+ 7. Qxd2 Nc6 8.
Nf3 Nh6 9. Nd6+ Kf8 10. Qf4 Qa5+ 11. Kd1 Qb4 12. Kc1 Nf5 13. a3 Qa5 14. Nxf5
exf5 15. Nxd4 Qe1# 0-1

[Event "Bad Woerishofen op"]
[Site "?"]
[Date "2000.??.??"]
[Round "8"]
[White "Homes, Helmut"]
[Black "Wohlfart, Karl-Heinz"]
[Result "0-1"]
[WhiteElo "1839"]
[BlackElo "1744"]
[Annotator "ChessOrg"]
[PlyCount "70"]
[EventDate "2000.??.??"]
[Source "ChessBase"]
[SourceDate "1998.04.29"]

1. e4 d6 2. f4 c5 3. Nf3 Nf6 4. Nc3 a6 5. d4 cxd4 6. Nxd4 Qc7 7. Be2 g6 8. Be3
Bg7 9. O-O O-O 10. Bf3 Bd7 11. Qe2 Nc6 12. Rfd1 Rab8 13. h3 Rfc8 14. Qf2 Na5
15. g4 Nc4 16. Bc1 b5 17. g5 Ne8 18. Nd5 Qd8 19. h4 e6 20. Ne3 Qb6 21. Nxc4
Rxc4 22. Be3 Qc7 23. c3 e5 24. Nc2 a5 25. Na3 Ra4 26. Rdc1 Qb7 27. Bd1 exf4 28.
Ba7 Rc8 29. Bxa4 bxa4 30. Bd4 Qxe4 31. Bxg7 Nxg7 32. Re1 Qf5 33. Rad1 Qg4+ 34.
Qg2 Qxh4 35. Rd3 Qxe1+ 0-1

[Event "Bad Woerishofen op"]
[Site "?"]
[Date "2000.??.??"]
[Round "4"]
[White "Hoeppner, Hans"]
[Black "Schoeffler, Hera"]
[Result "1-0"]
[WhiteElo "1694"]
[BlackElo "1390"]
[Annotator "ChessOrg"]
[PlyCount "35"]
[EventDate "2000.??.??"]
[Source "ChessBase"]
[SourceDate "1998.04.29"]

1. e3 e5 2. Ne2 Nf6 3. Ng3 Nc6 4. d3 Be7 5. h4 b6 6. Be2 Bb7 7. e4 d5 8. Bf3
dxe4 9. Nxe4 Nxe4 10. Bxe4 g6 11. h5 O-O 12. Bh6 Re8 13. Nd2 Bg5 14. Bxg5 Qxg5
15. c3 Nd8 16. Bxb7 Nxb7 17. hxg6 Qxg6 18. Rh3 1-0

[Event "Bad Woerishofen op"]
[Site "?"]
[Date "2000.??.??"]
[Round "6"]
[White "Hoeppner, Hans"]
[Black "Ziegler, Heinz"]
[Result "0-1"]
[WhiteElo "1694"]
[BlackElo "1500"]
[Annotator "ChessOrg"]
[PlyCount "104"]
[EventDate "2000.??.??"]
[Source "ChessBase"]
[SourceDate "1998.04.29"]

1. e3 d5 2. Ne2 g6 3. Ng3 Bg7 4. Be2 Nf6 5. h4 h5 6. d3 Nbd7 7. Nd2 Ne5 8. e4
dxe4 9. Ngxe4 Nxe4 10. Nxe4 c6 11. Bf4 Qb6 12. Rb1 Qa5+ 13. c3 Qxa2 14. d4 Nd7
15. O-O Qa5 16. Bd3 O-O 17. Qc1 Kh7 18. b4 Qd8 19. Ng3 f5 20. Qd1 Nf6 21. Bg5
Bh6 22. Qd2 Bxg5 23. hxg5 Nd5 24. c4 Nc7 25. Rbe1 e6 26. Qd1 Qxd4 27. Nxh5 Qd8
28. Nf6+ Kg7 29. Qa1 Kf7 30. Rd1 Qe7 31. Rfe1 Ne8 32. Nxe8 Rxe8 33. f4 Kg8 34.
Re3 Qg7 35. Qa2 b6 36. c5 bxc5 37. Bc4 Qf7 38. bxc5 a5 39. Rde1 Re7 40. Bxe6
Bxe6 41. Rxe6 Rxe6 42. Rxe6 Ra7 43. Qe2 Kg7 44. Qe5+ Kh7 45. Qd6 a4 46. Rf6 Qg7
47. Qe6 a3 48. Qa2 Qe7 49. Kh2 Qc7 50. g3 Qd7 51. Kh3 Qe7 52. Rxc6 Qe1 0-1

[Event "Bad Woerishofen op"]
[Site "?"]
[Date "2000.??.??"]
[Round "8"]
[White "Hoeppner, Hans"]
[Black "Bister, Hans-Bernd"]
[Result "0-1"]
[WhiteElo "1694"]
[BlackElo "1490"]
[Annotator "ChessOrg"]
[PlyCount "65"]
[EventDate "2000.??.??"]
[Source "ChessBase"]
[SourceDate "1998.04.29"]

1. e3 c5 2. Ne2 Nc6 3. Ng3 g6 4. Be2 Bg7 5. Nc3 Nf6 6. d3 d5 7. Bf3 a6 8. Rb1
e6 9. Bd2 O-O 10. Qc1 Ne5 11. Be2 b5 12. a3 Bb7 13. O-O d4 14. Nd1 Rc8 15. f4
Ned7 16. e4 c4 17. Bb4 Re8 18. Qd2 cxd3 19. Bxd3 Nc5 20. Bxc5 Rxc5 21. Nf2 Nh5
22. Nxh5 Rxh5 23. Qe2 f5 24. Rbe1 Qh4 25. Nh3 Bc6 26. Qd2 Qd8 27. Re2 Bh6 28.
c3 e5 29. exf5 gxf5 30. Rxe5 Rxe5 31. Qd1 Qd5 32. Rf2 Rxh3 33. fxe5 0-1

[Event "Bad Woerishofen op"]
[Site "Bad Woerishofen"]
[Date "2000.??.??"]
[Round "9"]
[White "Hoeppner, Hans"]
[Black "Vogel, Gerhard"]
[Result "1-0"]
[WhiteElo "1694"]
[BlackElo "1512"]
[Annotator "ChessOrg"]
[PlyCount "83"]
[EventDate "1998.03.05"]
[Source "ChessBase"]
[SourceDate "1998.04.29"]

1. e3 Nf6 2. Ne2 e6 3. f4 d5 4. d3 c6 5. Ng3 Be7 6. Be2 g6 7. O-O O-O 8. Re1
Nbd7 9. c3 b5 10. Nd2 Qb6 11. Ndf1 a5 12. Kh1 Kg7 13. Bf3 Rh8 14. e4 dxe4 15.
dxe4 Bc5 16. a3 a4 17. Bd2 Bf2 18. Re2 Bxg3 19. Nxg3 h5 20. Be3 Qc7 21. Rd2 Bb7
22. f5 h4 23. Nf1 e5 24. fxg6 fxg6 25. Bg4 Bc8 26. Bxd7 Nxd7 27. Qe2 Nf6 28.
Bg5 Nd7 29. Rad1 Nb6 30. Qf2 Nd7 31. Rxd7+ Bxd7 32. Qf6+ Kg8 33. Qxg6+ Kf8 34.
Bh6+ Rxh6 35. Qxh6+ Kf7 36. Qh5+ Ke6 37. Qg4+ Ke7 38. Qxh4+ Ke6 39. Qh6+ Ke7
40. Qg7+ Ke6 41. Ne3 Qc8 42. Nf5 1-0

[Event "Bad Woerishofen op"]
[Site "?"]
[Date "2000.??.??"]
[Round "2"]
[White "Jacobsen, Waldfried"]
[Black "Diete, Guenter"]
[Result "0-1"]
[WhiteElo "1057"]
[BlackElo "1655"]
[Annotator "ChessOrg"]
[PlyCount "184"]
[EventDate "2000.??.??"]
[Source "ChessBase"]
[SourceDate "1998.04.29"]

1. Nf3 b6 2. e3 Bb7 3. d4 Nf6 4. Be2 e6 5. Nc3 c5 6. O-O d5 7. Ne1 Nbd7 8. Bf3
Bd6 9. Nb5 Bb8 10. c4 a6 11. Nc3 Qc7 12. g3 O-O 13. b3 Ne4 14. Nxe4 dxe4 15.
Bg2 Nf6 16. f3 Rd8 17. Bb2 Nh5 18. f4 Nf6 19. Qe2 Ba7 20. Rd1 Qe7 21. Nc2 Rac8
22. f5 Rc7 23. g4 exf5 24. Rxf5 Rcd7 25. Rdf1 h6 26. d5 Rd6 27. g5 hxg5 28.
Rxg5 Ne8 29. Rg3 Rh6 30. Rf4 f5 31. Rh3 Rxh3 32. Bxh3 Qg5+ 33. Kf1 g6 34. Qf2
Ng7 35. Qh4 Qxh4 36. Rxh4 Bb8 37. Kg1 Bd6 38. Ne1 Bc8 39. Bg2 Bd7 40. Rh6 Be8
41. Bh1 Nh5 42. Ng2 Bf8 43. Rh8+ Kf7 44. Nf4 Nxf4 45. exf4 Ke7 46. Be5 Bf7 47.
Rh7 Ke8 48. Rh8 Ke7 49. Rh7 Ra8 50. Bc7 b5 51. Bg2 Ke8 52. Rh8 Ke7 53. Bb6 Kd6
54. Bf1 b4 55. Rh7 Ke7 56. Bxc5+ Kf6 57. Bd4+ Ke7 58. Rh8 Rc8 59. Be5 a5 60.
Be2 Kd7 61. Rh7 Bc5+ 62. Kf1 Ke7 63. h4 Rf8 64. h5 gxh5 65. Bxh5 Ke8 66. Bxf7+
Rxf7 67. Rh6 Ra7 68. Rc6 Be7 69. d6 Bd8 70. Rc8 Kd7 71. Rb8 Ra6 72. c5 Rc6 73.
Rb7+ Ke6 74. Bd4 Kd5 75. Be3 Rc8 76. Rf7 Ke6 77. Rh7 Bf6 78. Rc7 Rxc7 79. dxc7
Kd7 80. c6+ Kxc7 81. Ke2 Kxc6 82. Kd2 Be7 83. Bd4 Bc5 84. Bf6 Bb6 85. Bb2 Kd5
86. a3 Bd4 87. Bc1 Bg7 88. Ke3 Bc3 89. Kf2 Kd4 90. Be3+ Kd3 91. Bb6 bxa3 92.
Be3 a2 0-1

[Event "Bad Woerishofen op"]
[Site "?"]
[Date "2000.??.??"]
[Round "5"]
[White "Jacobsen, Waldfried"]
[Black "Jeske, Guenter"]
[Result "1/2-1/2"]
[WhiteElo "1057"]
[BlackElo "1614"]
[Annotator "ChessOrg"]
[PlyCount "120"]
[EventDate "2000.??.??"]
[Source "ChessBase"]
[SourceDate "1998.04.29"]

1. Nf3 d5 2. d4 Nf6 3. Nc3 e6 4. e3 Nbd7 5. Bd3 Bb4 6. Bd2 b6 7. Qe2 Bb7 8. a3
Be7 9. Ba6 Bc8 10. Bxc8 Qxc8 11. h3 a6 12. O-O c5 13. Ne5 c4 14. Nxd7 Nxd7 15.
f4 O-O 16. f5 Nf6 17. e4 dxe4 18. Nxe4 exf5 19. Nxf6+ Bxf6 20. c3 b5 21. Rf3
Re8 22. Qf2 g6 23. g4 Qd8 24. gxf5 Bh4 25. Qg2 g5 26. Raf1 f6 27. Rf4 Kh8 28.
Rg4 Ra7 29. Qc6 Re2 30. Rg2 Rxg2+ 31. Kxg2 Qe7 32. Qe6 Kg7 33. Be1 Qb7+ 34. d5
Qc7 35. Bxh4 gxh4 36. Rf3 Qe5 37. Qxe5 fxe5 38. f6+ Kf7 39. Rf5 e4 40. Kf2 Kg6
41. Rf4 Rd7 42. Ke3 Rf7 43. Kxe4 Rxf6 44. Rxh4 Rf2 45. Rg4+ Kh5 46. Rf4 Rxb2
47. Kd4 Rd2+ 48. Kc5 Rd3 49. Rf7 Kg6 50. Ra7 Rxc3 51. Rxa6+ Kf5 52. d6 Ke6 53.
Kxb5 Rxh3 54. Kxc4 Kd7 55. Kc5 Rh5+ 56. Kd4 Rh4+ 57. Ke5 Rh5+ 58. Ke4 Rh4+ 59.
Kd5 Rh5+ 60. Kc4 Rh4+ 1/2-1/2

[Event "Bad Woerishofen op"]
[Site "?"]
[Date "2000.??.??"]
[Round "7"]
[White "Jacobsen, Waldfried"]
[Black "Budde, Reinhard"]
[Result "0-1"]
[WhiteElo "1057"]
[BlackElo "1621"]
[Annotator "ChessOrg"]
[PlyCount "124"]
[EventDate "2000.??.??"]
[Source "ChessBase"]
[SourceDate "1998.04.29"]

1. Nf3 c5 2. d4 cxd4 3. Nxd4 Nf6 4. e3 e6 5. Nc3 a6 6. Bd3 Be7 7. e4 d6 8. O-O
O-O 9. f4 Nbd7 10. Qe2 Qc7 11. Nf3 Nc5 12. e5 dxe5 13. fxe5 Ne8 14. Bf4 Nxd3
15. cxd3 b5 16. a3 Bb7 17. Rac1 Qd8 18. d4 Nc7 19. Kh1 Rc8 20. Qe1 Nd5 21. Bd2
Nb6 22. Qg3 Kh8 23. Bg5 h6 24. Bxe7 Qxe7 25. Qf2 Nd5 26. Ne1 Nxc3 27. bxc3 Qxa3
28. Qd2 Qb3 29. Nd3 Qd5 30. Nf4 Qd8 31. Qf2 Qe7 32. Qg3 Qg5 33. Qf2 Qd8 34. h4
g5 35. Nh5 gxh4 36. Nf6 h3 37. Kh2 Rg8 38. Nxg8 Qxg8 39. Qf6+ Qg7 40. Qxg7+
Kxg7 41. Kxh3 a5 42. Rfe1 Bd5 43. Re3 a4 44. Rb1 Bc4 45. Ra1 Ra8 46. Rg3+ Kh7
47. Ra3 Rg8 48. Re3 Bf1 49. Rg3 Rxg3+ 50. Kxg3 Kg6 51. Kf2 Bc4 52. Ke3 Kf5 53.
Ra1 Kg4 54. Kf2 Kf4 55. Rh1 Ke4 56. Rxh6 a3 57. Rh8 a2 58. Ra8 Kd3 59. Ra3 Kc2
60. Ke3 Kb2 61. Ra7 Kxc3 62. Ra3+ Kb2 0-1

[Event "Bad Woerishofen op"]
[Site "Bad Woerishofen"]
[Date "2000.??.??"]
[Round "9"]
[White "Jacobsen, Waldfried"]
[Black "Knab, Horst"]
[Result "1/2-1/2"]
[WhiteElo "1057"]
[BlackElo "1556"]
[Annotator "ChessOrg"]
[PlyCount "30"]
[EventDate "1998.03.05"]
[Source "ChessBase"]
[SourceDate "1998.04.29"]

1. Nf3 d5 2. d4 g6 3. e3 Bg7 4. Nc3 c6 5. Bd2 Nf6 6. h3 O-O 7. Bd3 Nbd7 8. Qe2
Qb6 9. Rb1 Qc7 10. e4 dxe4 11. Nxe4 Nxe4 12. Bxe4 Re8 13. O-O e5 14. c3 exd4
15. cxd4 f5 1/2-1/2

[Event "Bad Woerishofen op"]
[Site "?"]
[Date "2000.??.??"]
[Round "1"]
[White "Jeske, Guenter"]
[Black "Thielemann, Joachim"]
[Result "0-1"]
[WhiteElo "1614"]
[BlackElo "1905"]
[Annotator "ChessOrg"]
[PlyCount "132"]
[EventDate "2000.??.??"]
[Source "ChessBase"]
[SourceDate "1998.04.29"]

1. c4 Nf6 2. Nc3 e5 3. e4 d6 4. g3 Be7 5. Bg2 O-O 6. Nge2 Nc6 7. O-O Be6 8. d3
Nd7 9. f4 Bg4 10. f5 Nd4 11. h3 Bxe2 12. Nxe2 Bg5 13. h4 Bf6 14. Be3 c5 15. Nc3
Rb8 16. a4 a6 17. Nd5 b5 18. axb5 axb5 19. Bxd4 exd4 20. b3 bxc4 21. bxc4 Be5
22. Qf3 Nf6 23. Nf4 Rb3 24. Rfd1 Nd7 25. Qf2 Qb6 26. Nd5 Qb7 27. Ra2 Rb1 28.
Rad2 Rb8 29. Bf1 Rxd1 30. Rxd1 Qb3 31. Rd2 Qb1 32. Kg2 Qc1 33. Rc2 Qb1 34. Rd2
Kh8 35. Qe2 Bf6 36. Rd1 Qb3 37. Rd2 Bd8 38. Ra2 Qb1 39. Qc2 Qxc2+ 40. Rxc2 Ne5
41. Ra2 h5 42. Be2 g6 43. Nf4 Kg7 44. Ra6 Be7 45. Nd5 Bf8 46. Ra7 Rb2 47. Kf1
Rb3 48. fxg6 Kxg6 49. Nf4+ Kh6 50. Ke1 Kh7 51. Ra2 Bh6 52. Bxh5 Bxf4 53. gxf4
Nxd3+ 54. Kd1 Nxf4 55. Bxf7 Rh3 56. Ra6 Rxh4 57. Rxd6 Nd3 58. Bg6+ Kg7 59. Bf5
Nb2+ 60. Kc1 Nxc4 61. Rd5 Rh1+ 62. Kc2 Ne3+ 63. Kd3 Nxd5 64. exd5 Kf6 65. Be4
Rc1 66. Kd2 Rc3 0-1

[Event "Bad Woerishofen op"]
[Site "?"]
[Date "2000.??.??"]
[Round "3"]
[White "Jeske, Guenter"]
[Black "Disselberger, Alfons"]
[Result "1-0"]
[WhiteElo "1614"]
[BlackElo "1271"]
[Annotator "ChessOrg"]
[PlyCount "120"]
[EventDate "2000.??.??"]
[Source "ChessBase"]
[SourceDate "1998.04.29"]

1. c4 c5 2. Nc3 e6 3. e4 Nc6 4. g3 e5 5. Bg2 b6 6. Nge2 Nb4 7. d3 Bb7 8. a3 Nc6
9. O-O h6 10. f4 d6 11. f5 Nf6 12. h3 Be7 13. Be3 O-O 14. g4 Nd4 15. Ng3 Nh7
16. Rb1 a5 17. Nh5 f6 18. b3 Bc6 19. Qd2 Rf7 20. Kh2 Rb8 21. b4 axb4 22. axb4
b5 23. bxc5 dxc5 24. cxb5 Nxb5 25. Rfc1 Nd4 26. Rxb8 Qxb8 27. Rb1 Qc8 28. Qb2
Bd6 29. Qa2 Qa8 30. Qxa8+ Bxa8 31. Rb6 Bc7 32. Ra6 Bb7 33. Ra7 Bb6 34. Ra2 Rf8
35. Rb2 Ba5 36. Na4 Bb4 37. Bxd4 exd4 38. Nxc5 Bxc5 39. Rxb7 Rf7 40. Rb8+ Rf8
41. Rb5 Bd6+ 42. Kg1 Be5 43. Kf2 Rb8 44. Rxb8+ Bxb8 45. Ng3 Nf8 46. Ne2 Be5 47.
Ke1 Nd7 48. Nc1 Nc5 49. Bf1 Bf4 50. Kd1 Be5 51. Kc2 Bf4 52. Na2 Be5 53. Nb4 Na4
54. Kb3 Nc3 55. Kc4 Kf7 56. Nc6 Ke8 57. Nxd4 Nd1 58. Nc2 Kf7 59. d4 Nb2+ 60.
Kb3 Bxd4 1-0

[Event "Bad Woerishofen op"]
[Site "?"]
[Date "2000.??.??"]
[Round "6"]
[White "Jeske, Guenter"]
[Black "Bister, Hans-Bernd"]
[Result "1-0"]
[WhiteElo "1614"]
[BlackElo "1490"]
[Annotator "ChessOrg"]
[PlyCount "83"]
[EventDate "2000.??.??"]
[Source "ChessBase"]
[SourceDate "1998.04.29"]

1. c4 c5 2. Nc3 Nf6 3. e4 Nc6 4. Nge2 g6 5. g3 Bg7 6. Bg2 O-O 7. O-O e5 8. d3
Nd4 9. h3 a6 10. f4 exf4 11. Bxf4 Re8 12. Bd6 Nc6 13. Bxc5 d6 14. Be3 Ne5 15.
Rc1 b5 16. cxb5 axb5 17. a3 Rb8 18. Ba7 Rb7 19. Bf2 Be6 20. Nf4 Bd7 21. b3 Qa5
22. Nb1 b4 23. a4 Rc7 24. Rxc7 Qxc7 25. Qd2 Qa5 26. Kh2 Be6 27. Nxe6 fxe6 28.
Rc1 Qa6 29. Rd1 d5 30. d4 Ned7 31. e5 Ne4 32. Bxe4 dxe4 33. Be3 Rf8 34. Bf4 Nb6
35. Qe3 Nd5 36. Qxe4 Nc3 37. Nxc3 bxc3 38. h4 Qb6 39. Qc2 Rc8 40. Rd3 Qb4 41.
Bd2 Rb8 42. Qxc3 1-0

[Event "Bad Woerishofen op"]
[Site "?"]
[Date "2000.??.??"]
[Round "8"]
[White "Jeske, Guenter"]
[Black "Meyer, Walter"]
[Result "0-1"]
[WhiteElo "1614"]
[BlackElo "1777"]
[Annotator "ChessOrg"]
[PlyCount "62"]
[EventDate "2000.??.??"]
[Source "ChessBase"]
[SourceDate "1998.04.29"]

1. c4 c5 2. Nc3 g6 3. e4 Bg7 4. Nge2 Nc6 5. g3 d6 6. Bg2 Nf6 7. O-O O-O 8. d3
Bd7 9. h3 a6 10. f4 e6 11. g4 Rb8 12. a4 Ne8 13. Bd2 Nb4 14. Be1 b5 15. axb5
axb5 16. b3 bxc4 17. bxc4 Nc6 18. Rb1 Nd4 19. Bg3 f5 20. g5 Nc7 21. h4 Na6 22.
e5 dxe5 23. fxe5 Nxe2+ 24. Qxe2 Nb4 25. Rbd1 Bc6 26. Bxc6 Nxc6 27. Nb5 Nd4 28.
Nxd4 Qxd4+ 29. Kh1 Rb2 30. Qe1 Qg4 31. Bh2 Qg2# 0-1

[Event "Bad Woerishofen op"]
[Site "?"]
[Date "2000.??.??"]
[Round "1"]
[White "Johne, Siegfried"]
[Black "Ludekus, Bernhard"]
[Result "1-0"]
[WhiteElo "1894"]
[BlackElo "1600"]
[Annotator "ChessOrg"]
[PlyCount "31"]
[EventDate "2000.??.??"]
[Source "ChessBase"]
[SourceDate "1998.04.29"]

1. e4 g6 2. d4 d6 3. Nc3 Bg7 4. Bg5 h6 5. Be3 e5 6. dxe5 Bxe5 7. Qd2 Nf6 8. Nf3
Bxc3 9. Qxc3 g5 10. O-O-O O-O 11. Bd3 b6 12. e5 Nd5 13. Qa3 Re8 14. Be4 c6 15.
Rxd5 c5 16. Rxd6 1-0

[Event "Bad Woerishofen op"]
[Site "?"]
[Date "2000.??.??"]
[Round "3"]
[White "Johne, Siegfried"]
[Black "Spaethe, Erwin"]
[Result "1-0"]
[WhiteElo "1894"]
[BlackElo "1690"]
[Annotator "ChessOrg"]
[PlyCount "71"]
[EventDate "2000.??.??"]
[Source "ChessBase"]
[SourceDate "1998.04.29"]

1. e4 c6 2. d4 d5 3. exd5 cxd5 4. c4 Nf6 5. Nc3 Nc6 6. Bg5 Be6 7. Nf3 Qa5 8.
Bxf6 gxf6 9. Qb3 O-O-O 10. c5 Bh6 11. Rd1 Bf5 12. Bd3 Bg4 13. Be2 Bf5 14. O-O
Rhg8 15. Kh1 e6 16. a3 Bf4 17. g3 Bb8 18. Nh4 Bh3 19. Ng2 f5 20. Rfe1 f4 21.
Bh5 Rg7 22. Nh4 fxg3 23. fxg3 Rdg8 24. Nf3 Bg4 25. Bxg4 Rxg4 26. Qc2 Qd8 27.
Qf2 Qf6 28. Rf1 Qg7 29. Ne2 f5 30. Rg1 h5 31. Nh4 Qg5 32. Ng2 Bxg3 33. hxg3
Rxg3 34. Qxg3 Qxg3 35. Nxg3 Rxg3 36. Nf4 1-0

[Event "Bad Woerishofen op"]
[Site "?"]
[Date "2000.??.??"]
[Round "4"]
[White "Johne, Siegfried"]
[Black "Schmid, Hermann"]
[Result "0-1"]
[WhiteElo "1894"]
[BlackElo "2200"]
[Annotator "ChessOrg"]
[PlyCount "94"]
[EventDate "2000.??.??"]
[Source "ChessBase"]
[SourceDate "1998.04.29"]

1. e4 c6 2. d4 d5 3. exd5 cxd5 4. c4 Nf6 5. Nc3 g6 6. Qb3 Bg7 7. cxd5 O-O 8.
Nf3 Nbd7 9. d6 exd6 10. Be2 Nb6 11. O-O Be6 12. Qd1 h6 13. h3 Rc8 14. Bf4 Nfd5
15. Nxd5 Nxd5 16. Bh2 Qb6 17. Qd2 Nb4 18. a3 Nc2 19. Rac1 Nxd4 20. Nxd4 Rxc1
21. Qxc1 Bxd4 22. b4 Kh7 23. Bf4 g5 24. Be3 f5 25. Rd1 Bxe3 26. Qxe3 Qxe3 27.
fxe3 Rd8 28. Bf3 b5 29. Bd5 Bd7 30. e4 Kg6 31. Bb7 Be6 32. e5 d5 33. Bc6 a6 34.
Bb7 Bc8 35. Rxd5 Rxd5 36. Bxd5 f4 37. Kf2 Kf5 38. e6 Bxe6 39. Bb7 Bd7 40. Bxa6
Bc6 41. a4 bxa4 42. b5 Bd5 43. b6 a3 44. Bd3+ Ke5 45. Bc4 Bb7 46. g3 Kd4 47.
Ba2 Kc3 0-1

[Event "Bad Woerishofen op"]
[Site "?"]
[Date "2000.??.??"]
[Round "7"]
[White "Johne, Siegfried"]
[Black "Elster, Welf"]
[Result "1-0"]
[WhiteElo "1894"]
[BlackElo "1765"]
[Annotator "ChessOrg"]
[PlyCount "81"]
[EventDate "2000.??.??"]
[Source "ChessBase"]
[SourceDate "1998.04.29"]

1. e4 d5 2. exd5 Qxd5 3. Nc3 Qa5 4. d4 Nf6 5. Bd3 Nc6 6. Nge2 Bg4 7. f3 Bh5 8.
O-O e6 9. Ne4 Be7 10. c3 Qb6 11. Kh1 e5 12. Nxf6+ Bxf6 13. d5 Ne7 14. Be4 Rd8
15. c4 O-O 16. Qc2 Bg6 17. a4 c5 18. a5 Qc7 19. Nc3 a6 20. Be3 Nc8 21. Bxg6
hxg6 22. Ne4 Be7 23. f4 f5 24. Nd2 e4 25. Nb3 Na7 26. Qf2 Rc8 27. Nd2 Bf6 28.
Ra2 b6 29. axb6 Qxb6 30. b4 Qxb4 31. Rb1 Qc3 32. Bxc5 Rxc5 33. Qxc5 e3 34. Nf3
Qd3 35. Re1 Rc8 36. Qxa7 Qxc4 37. Qxa6 Qc1 38. Rae2 Qc7 39. Rxe3 Kh7 40. Ne5
Rd8 41. Qe6 1-0

[Event "Bad Woerishofen op"]
[Site "?"]
[Date "2000.??.??"]
[Round "8"]
[White "Johne, Siegfried"]
[Black "Barlo, Werner"]
[Result "1-0"]
[WhiteElo "1894"]
[BlackElo "1705"]
[Annotator "ChessOrg"]
[PlyCount "57"]
[EventDate "2000.??.??"]
[Source "ChessBase"]
[SourceDate "1998.04.29"]

1. e4 d6 2. d4 Nf6 3. Nc3 g6 4. Bg5 Bg7 5. Qd2 c6 6. Nf3 b5 7. Bd3 Nbd7 8.
O-O-O e5 9. d5 b4 10. dxc6 Nc5 11. Nd5 Nxd3+ 12. cxd3 Qa5 13. Nxf6+ Kf8 14. Nd5
h6 15. Be7+ Kg8 16. Qxb4 Qxb4 17. Nxb4 a5 18. Nd5 Kh7 19. Bxd6 Bg4 20. Kb1 Rhc8
21. c7 Ra6 22. Be7 Be6 23. Rc1 f5 24. Bd8 Bxd5 25. exd5 e4 26. dxe4 fxe4 27.
Nd2 Rb6 28. Nc4 Rb7 29. d6 1-0